|
|
|
|
| LEADER |
00000nam0a2200000 4500 |
| 001 |
277720 |
| 005 |
20231101235037.0 |
| 020 |
|
|
|a RU
|b 85-100728
|
| 035 |
|
|
|a (RuTPU)RU\TPU\book\300997
|
| 090 |
|
|
|a 277720
|
| 100 |
|
|
|a 20141205d1985 km y0rusy5003 ca
|
| 101 |
0 |
|
|a rus
|
| 102 |
|
|
|a BY
|
| 105 |
|
|
|a a z 000zy
|
| 200 |
1 |
|
|a Воздействие потоков на мелиоративные и водохозяйственные сооружения
|f Г. В. Васильченко
|
| 210 |
|
|
|a Минск
|c Ураджай
|d 1985
|
| 215 |
|
|
|a 175 с.
|c ил.
|
| 606 |
1 |
|
|a Гидравлика потока
|2 stltpush
|3 (RuTPU)RU\TPU\subj\6467
|9 34349
|
| 610 |
1 |
|
|a течения
|
| 610 |
1 |
|
|a мелиоративные сооружения
|
| 610 |
1 |
|
|a водохозяйственные сооружения
|
| 610 |
1 |
|
|a гидравлика
|
| 610 |
1 |
|
|a физическое моделирование
|
| 610 |
1 |
|
|a русла
|
| 610 |
1 |
|
|a дамбы
|
| 610 |
1 |
|
|a строительство
|
| 675 |
|
|
|a 627.13
|z rus
|v 4
|
| 700 |
|
1 |
|a Васильченко
|b Г. В.
|4 070
|
| 801 |
|
0 |
|a RU
|b RuMRKP
|c 19950704
|g psbo
|
| 801 |
|
1 |
|a RU
|b 63413507
|c 20141205
|
| 801 |
|
2 |
|a RU
|b 63413507
|c 20171221
|g RCR
|
| 942 |
|
|
|c BK
|